<?xml version="1.0" encoding="UTF-8"?>
<record
    xmlns:xsi="http://www.w3.org/2001/XMLSchema-instance"
    xsi:schemaLocation="http://www.loc.gov/MARC21/slim http://www.loc.gov/standards/marcxml/schema/MARC21slim.xsd"
    xmlns="http://www.loc.gov/MARC21/slim">

  <leader>03707nam a22002777a 4500</leader>
  <controlfield tag="003">DO-SdBJH</controlfield>
  <controlfield tag="005">20260701223509.0</controlfield>
  <controlfield tag="008">260701b2025    |||a|||| |||| 00| 0 spa d</controlfield>
  <datafield tag="040" ind1=" " ind2=" ">
    <subfield code="a">DO-SdBJH</subfield>
    <subfield code="b">spa</subfield>
    <subfield code="c">DO-SdBJH</subfield>
  </datafield>
  <datafield tag="041" ind1="0" ind2=" ">
    <subfield code="a">spa</subfield>
  </datafield>
  <datafield tag="090" ind1=" " ind2=" ">
    <subfield code="a">CT CM-0010</subfield>
    <subfield code="b">AMBC 2025</subfield>
  </datafield>
  <datafield tag="100" ind1="1" ind2=" ">
    <subfield code="a">Rodr&#xED;guez Polanco, Julieta</subfield>
    <subfield code="e">sustentante</subfield>
  </datafield>
  <datafield tag="245" ind1="1" ind2="0">
    <subfield code="a">Propuestas para la implementaci&#xF3;n de nuevos equipos de tecnolog&#xED;a de informaci&#xF3;n en el D&#xE9;cimo Primer Batall&#xF3;n de Infanter&#xED;a, ERD /</subfield>
    <subfield code="c">Julieta Rodr&#xED;guez Polanco, Pedro Francisco Luna Vallejo ; asesor de contenido Osiris Cuevas Flori&#xE1;n ; asesor metodol&#xF3;gico David Ram&#xF3;n Aguiar.</subfield>
  </datafield>
  <datafield tag="260" ind1=" " ind2=" ">
    <subfield code="a">Santo Domingo, Rep&#xFA;blica Dominicana :</subfield>
    <subfield code="b">UNADE,</subfield>
    <subfield code="c">2025.</subfield>
  </datafield>
  <datafield tag="300" ind1=" " ind2=" ">
    <subfield code="a">xv, 56, [03] p&#xE1;ginas :</subfield>
    <subfield code="b">gr&#xE1;ficas.</subfield>
  </datafield>
  <datafield tag="502" ind1=" " ind2=" ">
    <subfield code="a">Tesis y trabajos de grado (Licenciatura en Ciencias Militares)--Universidad Nacional para la Defensa "General Juan Pablo Duarte y D&#xED;ez", Academia Militar "Batalla de las Carreras", Santo Domingo, 2025.
</subfield>
  </datafield>
  <datafield tag="504" ind1=" " ind2=" ">
    <subfield code="a">Incluye referencias bibliogr&#xE1;ficas y anexos.</subfield>
  </datafield>
  <datafield tag="505" ind1=" " ind2=" ">
    <subfield code="a">Fundamentos Te&#xF3;ricos y normativos sobre la implementaci&#xF3;n de tecnolog&#xED;a de informaci&#xF3;n en unidades militares -- Diagn&#xF3;stico del estado actual de la infraestructura y uso de tecnolog&#xED;as de informaci&#xF3;n en el 11mo Batall&#xF3;n de Infanter&#xED;a -- Propuesta de implementaci&#xF3;n de nuevos equipos de tecnolog&#xED;a de informaci&#xF3;n en el d&#xE9;cimo primer Batall&#xF3;n de Infanter&#xED;a.</subfield>
  </datafield>
  <datafield tag="520" ind1=" " ind2=" ">
    <subfield code="a">El presente trabajo tiene como prop&#xF3;sito analizar y proponer la implementaci&#xF3;n de nuevos equipos tecnol&#xF3;gicos en el Ejercito de la Rep&#xFA;blica Dominicana, con el fin de fortalecer la capacidad operativa, la eficiencia administrativa y la modernizaci&#xF3;n de los procesos militares  en consonancia con las exigencias de la seguridad nacional y los est&#xE1;ndares internacionales. La propuesta parte del diagnostico de las limitaciones actuales en cuanto a infraestructura tecnol&#xF3;gica, sistema de comunicaci&#xF3;n, gesti&#xF3;n de informaci&#xF3;n y equipos de apoyo t&#xE1;ctico. Dichas limitaciones han generado retrasos en la transmisi&#xF3;n de informaci&#xF3;n, dificultades en la coordinaci&#xF3;n de operaciones y una menor capacidad de respuesta en escenarios que demandan rapidez, precisi&#xF3;n y eficacia. Modernizaci&#xF3;n de los sistemas de comunicaci&#xF3;n t&#xE1;ctica y estrat&#xE9;gica, mediante la adquisici&#xF3;n de radios digitales encriptados, estaciones m&#xF3;viles de comunicaci&#xF3;n y enlaces satelitales. Implementaci&#xF3;n de equipos de vigilancia y reconocimiento , incluyendo drones, c&#xE1;maras t&#xE9;rmicas y sistemas de geolocalizaci&#xF3;n para reforzar la inteligencia militar y la supervisi&#xF3;n en zonas fronterizas. Fortalecimiento de la infraestructura inform&#xE1;tica y ciberseguridad, a trav&#xE9;s de la instalaci&#xF3;n de servidores de alta capacidad, softwares de gesti&#xF3;n de operaciones y protocolos de protecci&#xF3;n  ante amenazas cibern&#xE9;ticas. Automatizaci&#xF3;n de procesos log&#xED;sticos y administrativos, con la finalidad de optimizar el uso de recursos, mejorar la transparencia y reducir tiempos de respuestas en el suministro de materiales y equipos. Capacitaci&#xF3;n y formaci&#xF3;n del personal militar en nuevas tecnolog&#xED;as garantizando la correcta implementaci&#xF3;n, mantenimiento y aprovechamiento de los recursos adquiridos.</subfield>
  </datafield>
  <datafield tag="650" ind1=" " ind2="7">
    <subfield code="2">lemb</subfield>
    <subfield code="a">Ej&#xE9;rcito</subfield>
    <subfield code="v">Tesis y disertaciones acad&#xE9;micas</subfield>
    <subfield code="x">Tecnolog&#xED;a de la informaci&#xF3;n</subfield>
    <subfield code="x">Innovaciones tecnol&#xF3;gicas </subfield>
    <subfield code="z">Rep&#xFA;blica Dominicana</subfield>
  </datafield>
  <datafield tag="650" ind1=" " ind2="7">
    <subfield code="2">lemb</subfield>
    <subfield code="a">Infanter&#xED;a</subfield>
    <subfield code="v">Tesis y disertaciones acad&#xE9;micas</subfield>
    <subfield code="x">Tecnolog&#xED;a de la informaci&#xF3;n</subfield>
    <subfield code="x">Equipo y abastecimiento</subfield>
    <subfield code="z">Rep&#xFA;blica Dominicana</subfield>
  </datafield>
  <datafield tag="700" ind1="1" ind2=" ">
    <subfield code="a">Luna Vallejo, Pedro Francisco</subfield>
    <subfield code="e">sustentante</subfield>
  </datafield>
  <datafield tag="700" ind1="1" ind2=" ">
    <subfield code="a">Cuevas Flori&#xE1;n, Osiris</subfield>
    <subfield code="e">asesor de contenido</subfield>
  </datafield>
  <datafield tag="700" ind1="1" ind2=" ">
    <subfield code="a">Ram&#xF3;n Aguiar, David</subfield>
    <subfield code="e">asesor metodol&#xF3;gico</subfield>
  </datafield>
  <datafield tag="942" ind1=" " ind2=" ">
    <subfield code="2">CL</subfield>
    <subfield code="c">T</subfield>
  </datafield>
  <datafield tag="999" ind1=" " ind2=" ">
    <subfield code="c">8738</subfield>
    <subfield code="d">8738</subfield>
  </datafield>
  <datafield tag="952" ind1=" " ind2=" ">
    <subfield code="0">0</subfield>
    <subfield code="1">0</subfield>
    <subfield code="2">CL</subfield>
    <subfield code="4">0</subfield>
    <subfield code="7">0</subfield>
    <subfield code="8">TG</subfield>
    <subfield code="a">BJHA</subfield>
    <subfield code="b">BJHA</subfield>
    <subfield code="c">GEN</subfield>
    <subfield code="d">2026-07-01</subfield>
    <subfield code="i">25-02586</subfield>
    <subfield code="l">0</subfield>
    <subfield code="o">CT CM-0010 AMBC 2025</subfield>
    <subfield code="p">25-02586</subfield>
    <subfield code="r">2026-07-01 19:34:56</subfield>
    <subfield code="t">e.1</subfield>
    <subfield code="w">2026-07-01</subfield>
    <subfield code="y">T</subfield>
  </datafield>
</record>
